000 00424 a2200133 4500
000 nam a22 7a 4500
100 _aGupta, Nisha
110 _aGupta, Nisha
245 _aयूरोपीय चित्रकला का इतिहास - The history of European Painting
250 _aLatest edition
260 _bVishav bharti publication
_c2023
264 _bVishav bharti publication
_c2023
942 _cBK
999 _c395987
_d395987